000 01006naa a22002657a 4500
001 BR8207032
003 BR-BrBNA
005 20250721143213.0
007 ta
008 250630b bl.|||m| |||| 00| 0 por d
040 _aBR-BrBNA
_bpor
_cBiblioteca Nacional de Agricultura
041 _a(Pt)
072 _aE10
_b/G514
090 _aE10 BR8207032
100 1 _aMueller, C.C.
245 1 _aA racionalidade, o poder e a formulacao de politicas agricolas no Brasil
500 _aSeminario de politica agricola. Coletanea de artigos tecnicos Brasilia, DF (Brasil): 1982. p. 45-56 [8 ref.] (BR8207032-AMS)
773 0 _tSeminario de politica agricola. Coletanea de artigos tecnicos
_wE10 BR8207032
_gBrasilia, DF (Brasil), 1982. p. 45-56
650 _aPOLITICA AGRICOLA
650 _aPOLITICA ECONOMICA
650 _aESTRUTURA AGRARIA
490 _aColecao Analise e Pesquisa - Comissao de Financiamento da Producao (Brazil)
_vv. 25
942 _cAMS
_2AGRIS
909 _a202506
_bLúcia
_c55
_dLúcia Elande
999 _c334339
_d334339